Comissió d'Educació General
Descripción Física:
68 p., [1] f. ; 22 cm
MARC
| LEADER | 00000nam a2200000Ia 4500 | ||
|---|---|---|---|
| 001 | 789 | ||
| 008 | 160829s1922 xx 000 0 cat d | ||
| 710 | 2 | |a Catalunya. |b Mancomunitat |9 53015 | |
| 856 | 4 | |u https://media.diba.cat/diba/fitxers/arxiu/mancomunitat/bib_789_1922_web.pdf |y Accés lliure | |
| 952 | |0 0 |1 0 |4 0 |6 E197 |7 1 |9 43092 |a Arxiu |b Arxiu |d 2016-12-01 |l 0 |o E-1-97 |p 789 |r 2016-12-01 00:00:00 |w 2016-12-01 |y ARXIU | ||
| 999 | |c 45636 |d 45636 | ||
| 080 | |a E-1-97 | ||
| 100 | |a Catalunya. Comissió d'Educació General |9 24334 | ||
| 245 | |a Comissió d'Educació General | ||
| 260 | |a Barcelona : |b (Imp. de la Casa de Caritat), |c 1922 | ||
| 300 | |a 68 p., [1] f. ; |c 22 cm | ||
| 590 | |a Hi ha un duplicat amb R. 790 a: DUP-135 | ||
| 650 | |a Catalunya. Mancomunitat. Comissió d'Educació General |9 24289 | ||
| 901 | |a Arxiu | ||
| 942 | |n 1 |2 udc | ||